[Event "Balatonlelle Rigo Memorial GM-B 4th"]
[Site "Balatonlelle"]
[Date "2025.06.25"]
[Round "7"]
[White "Horvath, Adam"]
[Black "Pap, Misa"]
[Result "1/2-1/2"]
[WhiteElo "2395"]
[BlackElo "2438"]
[PlyCount "20"]
[EventDate "2025.06.21"]
[EventType "tourn"]
[EventRounds "9"]
[EventCountry "HUN"]
[EventCategory "6"]
[SourceTitle "CB27_2025"]
[SourceDate "2025.07.02"]
[SourceVersion "1"]
[SourceVersionDate "2025.07.02"]
[SourceQuality "1"]

1. Nf3 Nf6 2. g3 g6 3. Bg2 Bg7 4. 0-0 c5 5. c4 0-0 6. Nc3 Nc6 7. d4 cxd4 8. Nxd4 Nxd4 9. Qxd4 d6 10. Qd3 a6 1/2-1/2

[Event "Balatonlelle Rigo Memorial GM-B 4th"]
[Site "Balatonlelle"]
[Date "2025.06.24"]
[Round "5"]
[White "Juhasz, Agoston Botond"]
[Black "Pap, Misa"]
[Result "1-0"]
[WhiteElo "2422"]
[BlackElo "2438"]
[PlyCount "121"]
[EventDate "2025.06.21"]
[EventType "tourn"]
[EventRounds "9"]
[EventCountry "HUN"]
[EventCategory "6"]
[SourceTitle "CB27_2025"]
[SourceDate "2025.07.02"]
[SourceVersion "1"]
[SourceVersionDate "2025.07.02"]
[SourceQuality "1"]

1. e4 e5 2. Nf3 Nc6 3. Bb5 g6 4. c3 Bg7 5. d4 exd4 6. cxd4 a6 7. Bxc6 dxc6 8. h3 Ne7 9. Nc3 0-0 10. 0-0 h6 11. Bf4 g5 12. Be5 f6 13. Bg3 Be6 14. Re1 Qd7 15. d5 Bf7 16. dxc6 Qxc6 17. Rc1 Rad8 18. Nd5 Qe8 19. Bxc7 Rd7 20. Nd4 Kh7 21. Nb6 Rxd4 22. Qxd4 Nc6 23. Qd7 Bxa2 24. Qd3 Be6 25. Bd6 Rf7 26. e5+ f5 27. Nd5 Qd8 28. Rcd1 Kh8 29. Nf6 Bxf6 30. exf6 Qxf6 31. Qe3 Bd7 32. Qb6 Kh7 33. Qxb7 f4 34. Qb3 f3 35. Qxf3 Qxf3 36. gxf3 Bxh3 37. Bg3 Bf5 38. Rd6 Nb4 39. Re8 Nd3 40. Rxa6 Bd7 41. Re2 Bb5 42. Rb6 Bc4 43. Re3 Nf4 44. Bxf4 gxf4 45. Rc3 Rg7+ 46. Kh2 Bf1 47. Rcc6 h5 48. Rh6+ Kg8 49. Rb8+ Kf7 50. Rb7+ Kg8 51. Rxg7+ Kxg7 52. Rxh5 Kf6 53. b4 Kg6 54. Rc5 Kf6 55. b5 Be2 56. Kg2 Ke6 57. b6 Ba6 58. Ra5 Bb7 59. Ra7 Bd5 60. b7 Bxb7 61. Rxb7 1-0

[Event "Balatonlelle Rigo Memorial GM-B 4th"]
[Site "Balatonlelle"]
[Date "2025.06.21"]
[Round "1"]
[White "Pap, Misa"]
[Black "Glek, Igor Vladimirovich"]
[Result "1/2-1/2"]
[WhiteElo "2438"]
[BlackElo "2444"]
[PlyCount "20"]
[EventDate "2025.06.21"]
[EventType "tourn"]
[EventRounds "9"]
[EventCountry "HUN"]
[EventCategory "6"]
[SourceTitle "CB27_2025"]
[SourceDate "2025.07.02"]
[SourceVersion "1"]
[SourceVersionDate "2025.07.02"]
[SourceQuality "1"]

1. e4 e5 2. Nf3 Nf6 3. Nxe5 d6 4. Nf3 Nxe4 5. d3 Nf6 6. d4 d5 7. Bd3 Bd6 8. c3 c6 9. 0-0 0-0 10. h3 h6 1/2-1/2

[Event "SRB-ch 19th"]
[Site "Pirot"]
[Date "2025.06.06"]
[Round "7"]
[White "Pap, Misa"]
[Black "Martic, Ivan"]
[Result "1-0"]
[WhiteElo "2449"]
[BlackElo "2253"]
[PlyCount "137"]
[EventDate "2025.05.31"]
[EventType "tourn"]
[EventRounds "9"]
[EventCountry "SRB"]
[EventCategory "6"]
[SourceTitle "CB24_2025"]
[SourceDate "2025.06.11"]
[SourceVersion "1"]
[SourceVersionDate "2025.06.11"]
[SourceQuality "1"]

1. e4 Nf6 2. e5 Nd5 3. d4 d6 4. c4 Nb6 5. exd6 exd6 6. Nc3 Nc6 7. Be3 Be7 8. Bd3 0-0 9. b3 Nb4 10. Bb1 c6 11. a3 Na6 12. Nge2 d5 13. c5 Nd7 14. b4 Nc7 15. Bd3 Ne6 16. Qc2 g6 17. 0-0 Nf6 18. f3 b6 19. Rfd1 Re8 20. Qc1 bxc5 21. dxc5 Bd7 22. Nd4 Nxd4 23. Bxd4 Nh5 24. Re1 Bg5 25. Rxe8+ Bxe8 26. Qe1 Bd7 27. g3 Qf8 28. Qf2 Ng7 29. Ne2 Bf5 30. Ba6 Bc8 31. Bd3 Nf5 32. Bxf5 Bxf5 33. b5 Qc8 34. Nc3 h5 35. Re1 Bh3 36. Qe2 Bh6 37. Qe5 Kh7 38. Qf6 Be6 39. a4 Qd7 40. Qe5 Rg8 41. Rd1 Bg7 42. Qe3 Bh6 43. Qe2 Re8 44. Re1 h4 45. Qe5 Rg8 46. Kf2 h3 47. Re2 Bg7 48. Qf4 Bh6 49. Qf6 g5 50. Qe5 Bg7 51. Qe3 Bh6 52. g4 Rg6 53. Qd3 Bg7 54. Bxg7 Kxg7 55. Qd4+ Kh7 56. Rb2 Rg8 57. Ne2 Qc7 58. Ng3 cxb5 59. axb5 Rc8 60. c6 Rb8 61. Kf1 Qb6 62. Qe5 Qc5 63. Nh5 Qc1+ 64. Kf2 Qc5+ 65. Kg3 Qg1+ 66. Kxh3 Qf1+ 67. Kg3 Rg8 68. Nf6+ Kg7 69. Qxg5+ 1-0

[Event "Sarajevo Causevic Memorial Blitz op"]
[Site "Sarajevo"]
[Date "2025.05.25"]
[Round "2"]
[White "Pap, Misa"]
[Black "Maksimovic, Bojan"]
[Result "0-1"]
[WhiteElo "2449"]
[BlackElo "2514"]
[PlyCount "57"]
[EventDate "2025.05.25"]
[EventType "swiss (blitz)"]
[EventRounds "11"]
[EventCountry "BIH"]
[SourceTitle "CB22_2025"]
[SourceDate "2025.05.28"]
[SourceVersion "1"]
[SourceVersionDate "2025.05.28"]
[SourceQuality "1"]

1. e4 e6 2. d4 d5 3. exd5 exd5 4. c4 Nf6 5. Nc3 Bd6 6. Bd3 dxc4 7. Bxc4 0-0 8. Nge2 h6 9. h3 Nc6 10. 0-0 a6 11. Be3 Bf5 12. Ng3 Bg6 13. Rc1 b5 14. Be2 Ne7 15. Bf3 Rb8 16. Qd2 Re8 17. Rfe1 Qd7 18. Bf4 Rbd8 19. Red1 Nf5 20. Bxd6 Qxd6 21. Nxf5 Bxf5 22. a4 b4 23. Na2 a5 24. b3 Be4 25. Be2 Nd5 26. Bf1 Nf4 27. g3 Ne6 28. Rc4 c5 29. Qc1 0-1

[Event "Sarajevo Causevic Memorial Blitz op"]
[Site "Sarajevo"]
[Date "2025.05.25"]
[Round "9"]
[White "Pap, Misa"]
[Black "Musovic, Armin"]
[Result "0-1"]
[WhiteElo "2449"]
[BlackElo "2262"]
[PlyCount "106"]
[EventDate "2025.05.25"]
[EventType "swiss (blitz)"]
[EventRounds "11"]
[EventCountry "BIH"]
[SourceTitle "CB22_2025"]
[SourceDate "2025.05.28"]
[SourceVersion "1"]
[SourceVersionDate "2025.05.28"]
[SourceQuality "1"]

1. e4 c6 2. Nc3 g6 3. d4 Bg7 4. Nf3 d5 5. h3 dxe4 6. Nxe4 Nf6 7. Nxf6+ exf6 8. Bd3 0-0 9. 0-0 Na6 10. c4 Nb4 11. Bb1 a5 12. a3 Na6 13. Re1 Be6 14. Ba2 Qc7 15. Be3 Rfd8 16. Rc1 Qb8 17. Qd2 Nc7 18. Bf4 Qc8 19. d5 Bf5 20. Re7 Ne6 21. d6 c5 22. g4 Be4 23. Qe3 Qc6 24. Nd2 f5 25. Nxe4 fxe4 26. Bg3 Bf6 27. Rxe6 fxe6 28. Re1 Rxd6 29. Bxd6 Qxd6 30. Qxe4 Bxb2 31. Qxb7 Rb8 32. Qe4 Bd4 33. Re2 Qg3+ 34. Qg2 Qxa3 35. Kh2 Rb2 36. Qe4 Rxe2 37. Qxe2 Kf8 38. Bb1 Qb2 39. Qf3+ Ke7 40. Be4 Qxf2+ 41. Qxf2 Bxf2 42. Bc2 Kd6 43. Kg2 Bh4 44. Kf3 Ke5 45. Ke3 Bg5+ 46. Kd3 Kf4 47. Ba4 e5 48. Bc6 Kg3 49. Ke4 Bf6 50. Kd5 Kf4 51. Kxc5 e4 52. Kd6 e3 53. c5 e2 0-1

[Event "Sarajevo Causevic Memorial Blitz op"]
[Site "Sarajevo"]
[Date "2025.05.25"]
[Round "4"]
[White "Runic, Zoran"]
[Black "Pap, Misa"]
[Result "1/2-1/2"]
[WhiteElo "2207"]
[BlackElo "2449"]
[PlyCount "64"]
[EventDate "2025.05.25"]
[EventType "swiss (blitz)"]
[EventRounds "11"]
[EventCountry "BIH"]
[SourceTitle "CB22_2025"]
[SourceDate "2025.05.28"]
[SourceVersion "1"]
[SourceVersionDate "2025.05.28"]
[SourceQuality "1"]

1. e4 c5 2. Nf3 Nc6 3. b3 g6 4. Bb2 Nf6 5. e5 Nd5 6. g3 Bg7 7. Bg2 0-0 8. 0-0 d6 9. Re1 Bg4 10. h3 Bxf3 11. Bxf3 dxe5 12. Na3 Nd4 13. Bg2 e6 14. Nc4 Qc7 15. a4 b6 16. h4 Rad8 17. h5 Rfe8 18. d3 Bf6 19. Qd2 Kg7 20. Re4 Kg8 21. Rae1 Nb4 22. Rc1 Bg7 23. h6 Bf6 24. Qd1 Bg5 25. c3 Nxd3 26. Qxd3 Nxb3 27. Qc2 Nxc1 28. Bxc1 Bxc1 29. Qxc1 f6 30. f4 exf4 31. gxf4 Rd3 32. Bf1 Rd5 1/2-1/2

[Event "Sarajevo Causevic Memorial Blitz op"]
[Site "Sarajevo"]
[Date "2025.05.25"]
[Round "10"]
[White "Vukic, Milan"]
[Black "Pap, Misa"]
[Result "1-0"]
[WhiteElo "2324"]
[BlackElo "2449"]
[PlyCount "80"]
[EventDate "2025.05.25"]
[EventType "swiss (blitz)"]
[EventRounds "11"]
[EventCountry "BIH"]
[SourceTitle "CB22_2025"]
[SourceDate "2025.05.28"]
[SourceVersion "1"]
[SourceVersionDate "2025.05.28"]
[SourceQuality "1"]

1. Nf3 c5 2. c4 g6 3. e4 Bg7 4. d4 Nc6 5. d5 Nd4 6. Nxd4 cxd4 7. Bd3 d6 8. 0-0 Nf6 9. Nd2 Nd7 10. f4 Nc5 11. Nb3 b6 12. Re1 0-0 13. e5 Bg4 14. Qc2 Nxd3 15. Qxd3 Bf5 16. Qxd4 Rc8 17. Bd2 Qc7 18. Rac1 g5 19. g3 a5 20. Qe3 Bh3 21. Nd4 Qb7 22. Qf3 dxe5 23. fxe5 g4 24. Qe4 Rfd8 25. Nf5 Bf8 26. e6 f6 27. a4 Qc7 28. Be3 Qb7 29. b3 Rc7 30. Bh6 Qc8 31. Bxf8 Rxf8 32. Qf4 Kh8 33. Qh6 Rg8 34. d6 exd6 35. Qxf6+ Rcg7 36. e7 Qc5+ 37. Re3 Qc6 38. Rc2 Qc5 39. Rce2 d5 40. Nxg7 Rxg7 1-0

[Event "SRB-ch sf"]
[Site "Senta"]
[Date "2025.05.07"]
[Round "3"]
[White "Dumbelovic, Novak"]
[Black "Pap, Misa"]
[Result "0-1"]
[WhiteElo "2220"]
[BlackElo "2449"]
[PlyCount "60"]
[EventDate "2025.05.05"]
[EventType "swiss"]
[EventRounds "9"]
[EventCountry "SRB"]
[SourceTitle "CB20_2025"]
[SourceDate "2025.05.14"]
[SourceVersion "1"]
[SourceVersionDate "2025.05.14"]
[SourceQuality "1"]

1. e4 c5 2. Nf3 Nc6 3. d4 cxd4 4. Nxd4 g6 5. Nc3 Bg7 6. Be3 Nf6 7. Nxc6 bxc6 8. e5 Ng8 9. Bd4 Qa5 10. f4 Rb8 11. Qd2 f6 12. Bc4 fxe5 13. fxe5 Rxb2 14. Ne4 Qxd2+ 15. Kxd2 Rb6 16. Rab1 d5 17. Bxb6 axb6 18. Rxb6 dxc4 19. Rxc6 Bd7 20. Rxc4 Bxe5 21. Rb1 Nf6 22. Nc5 Bf5 23. h3 h5 24. a4 Kf7 25. Re1 Bg3 26. Ra1 Rc8 27. a5 Rxc5 28. Rxc5 Ne4+ 29. Ke2 Nxc5 30. a6 Nxa6 0-1

[Event "Budapest Vezerkepzo GM 04"]
[Site "Budapest"]
[Date "2025.04.26"]
[Round "6"]
[White "Pap, Misa"]
[Black "Deshpande, Aniruddha"]
[Result "1/2-1/2"]
[WhiteElo "2444"]
[BlackElo "2327"]
[PlyCount "88"]
[EventDate "2025.04.22"]
[EventType "tourn"]
[EventRounds "9"]
[EventCountry "HUN"]
[EventCategory "6"]
[SourceTitle "CB20_2025"]
[SourceDate "2025.05.14"]
[SourceVersion "1"]
[SourceVersionDate "2025.05.14"]
[SourceQuality "1"]

1. e4 c6 2. d4 d5 3. e5 Bf5 4. h4 h5 5. Bd3 Qd7 6. Ne2 Bxd3 7. Qxd3 e6 8. Nd2 c5 9. dxc5 Nc6 10. Nf3 Bxc5 11. 0-0 Nge7 12. Be3 Bxe3 13. Qxe3 Nf5 14. Qf4 Rc8 15. c3 Nce7 16. Ned4 a6 17. Rfd1 Nxd4 18. cxd4 Nf5 19. Qg5 Qe7 20. Rac1 Qxg5 21. Rxc8+ Qd8 22. Rxd8+ Kxd8 23. Rd3 Re8 24. Rb3 Re7 25. Kf1 Rc7 26. Ke1 b5 27. Kd2 Rc4 28. Rd3 b4 29. b3 Rc7 30. g3 a5 31. Ne1 Kd7 32. Nc2 Kc6 33. Ne3 Nxe3 34. Rxe3 Kb5 35. Rf3 a4 36. Kd1 axb3 37. axb3 Kc6 38. Rf4 g6 39. Kc2 Kd7+ 40. Kb2 Ke7 41. Rf3 Rc8 42. Kb1 Rg8 43. Kc2 Rc8+ 44. Kb2 Rc7 1/2-1/2

[Event "Budapest Vezerkepzo GM 04"]
[Site "Budapest"]
[Date "2025.04.23"]
[Round "2"]
[White "Aczel, Gergely"]
[Black "Pap, Misa"]
[Result "1/2-1/2"]
[WhiteElo "2496"]
[BlackElo "2444"]
[PlyCount "23"]
[EventDate "2025.04.22"]
[EventType "tourn"]
[EventRounds "9"]
[EventCountry "HUN"]
[EventCategory "6"]
[SourceTitle "CB20_2025"]
[SourceDate "2025.05.14"]
[SourceVersion "1"]
[SourceVersionDate "2025.05.14"]
[SourceQuality "1"]

1. d4 Nf6 2. c4 e6 3. Nf3 b6 4. g3 Bb7 5. Bg2 Be7 6. 0-0 0-0 7. Nc3 Ne4 8. Qc2 Nxc3 9. Qxc3 d6 10. Bf4 Nd7 11. Rfe1 Be4 12. Rad1 1/2-1/2

[Event "Vecindario Montalvo Memorial 17th"]
[Site "Vecindario"]
[Date "2025.04.13"]
[Round "2"]
[White "Cruz Ramirez, Nauzet"]
[Black "Pap, Misa"]
[Result "0-1"]
[WhiteElo "2076"]
[BlackElo "2444"]
[PlyCount "92"]
[EventDate "2025.04.12"]
[EventType "swiss"]
[EventRounds "9"]
[EventCountry "ESP"]
[SourceTitle "CB17_2025"]
[SourceDate "2025.04.23"]
[SourceVersion "1"]
[SourceVersionDate "2025.04.23"]
[SourceQuality "1"]

1. d4 Nf6 2. c4 c5 3. d5 b5 4. cxb5 a6 5. f3 axb5 6. e4 Qa5+ 7. Bd2 b4 8. Na3 d6 9. Nc4 Qd8 10. a4 e6 11. Bg5 h6 12. Bxf6 gxf6 13. Ne3 h5 14. Bb5+ Ke7 15. Ne2 Bh6 16. Qb3 Ba6 17. Bxa6 Rxa6 18. 0-0 Bxe3+ 19. Qxe3 Nd7 20. Kh1 h4 21. f4 h3 22. b3 hxg2+ 23. Kxg2 Qg8+ 24. Kh1 Qh7 25. Rf2 f5 26. Ng3 Nf6 27. Qe2 Raa8 28. exf5 Rag8 29. Rg2 Nxd5 30. Rf1 Nc3 31. Qf3 Rxg3 32. Qxg3 Qxf5 33. Qg5+ Qf6 34. Re1 Rh3 35. Qxf6+ Kxf6 36. Rg3 Rh4 37. Kg2 d5 38. a5 Rh8 39. Ra1 Ne2 40. Rf3 Nd4 41. Rg3 c4 42. bxc4 dxc4 43. a6 c3 44. Rd3 Nb3 45. Rb1 Nc5 46. Rd4 c2 0-1

[Event "Vecindario Montalvo Memorial 17th"]
[Site "Vecindario"]
[Date "2025.04.12"]
[Round "1"]
[White "Pap, Misa"]
[Black "Reinoso Andre, Lazaro Javier"]
[Result "1-0"]
[WhiteElo "2444"]
[BlackElo "1796"]
[PlyCount "45"]
[EventDate "2025.04.12"]
[EventType "swiss"]
[EventRounds "9"]
[EventCountry "ESP"]
[SourceTitle "CB17_2025"]
[SourceDate "2025.04.23"]
[SourceVersion "1"]
[SourceVersionDate "2025.04.23"]
[SourceQuality "1"]

1. e4 c5 2. Nf3 Nc6 3. c3 e6 4. d4 d5 5. e5 cxd4 6. cxd4 Nge7 7. Bd3 Ng6 8. h4 Bb4+ 9. Nc3 Nge7 10. a3 Ba5 11. b4 Bb6 12. Nb5 Bc7 13. Bb2 a6 14. Nxc7+ Qxc7 15. h5 0-0 16. Rc1 Qb6 17. Bb1 f5 18. exf6 gxf6 19. Rh3 e5 20. Rg3+ Kh8 21. dxe5 fxe5 22. Qd2 d4 23. Qh6 1-0

[Event "Budapest SixDays 03 GM-A"]
[Site "Budapest"]
[Date "2025.03.26"]
[Round "5"]
[White "Berczes, David"]
[Black "Pap, Misa"]
[Result "1/2-1/2"]
[WhiteElo "2408"]
[BlackElo "2457"]
[PlyCount "20"]
[EventDate "2025.03.24"]
[EventType "tourn"]
[EventRounds "9"]
[EventCountry "HUN"]
[EventCategory "6"]
[SourceTitle "CB14_2025"]
[SourceDate "2024.11.01"]
[SourceVersion "1"]
[SourceVersionDate "2024.11.01"]
[SourceQuality "1"]

1. c4 c5 2. Nc3 g6 3. g3 Bg7 4. Bg2 Nc6 5. Nf3 Nh6 6. 0-0 Nf5 7. d3 0-0 8. Bd2 d6 9. Rb1 b6 10. a3 Bb7 1/2-1/2

[Event "Budapest SixDays 03 GM-A"]
[Site "Budapest"]
[Date "2025.03.25"]
[Round "3"]
[White "Jake, Shanty"]
[Black "Pap, Misa"]
[Result "0-1"]
[WhiteElo "2336"]
[BlackElo "2457"]
[PlyCount "80"]
[EventDate "2025.03.24"]
[EventType "tourn"]
[EventRounds "9"]
[EventCountry "HUN"]
[EventCategory "6"]
[SourceTitle "CB14_2025"]
[SourceDate "2024.11.01"]
[SourceVersion "1"]
[SourceVersionDate "2024.11.01"]
[SourceQuality "1"]

1. Nf3 c5 2. c4 g6 3. Nc3 Bg7 4. e3 Nf6 5. d4 0-0 6. d5 e6 7. Bd3 exd5 8. cxd5 d6 9. h3 Na6 10. 0-0 Re8 11. Re1 Nb4 12. Bb1 c4 13. a3 Qa5 14. e4 Bd7 15. Bf4 Bf8 16. Qd2 Na6 17. Bc2 Nh5 18. Bh6 f6 19. Be3 Rac8 20. Bd4 Qd8 21. g4 Ng7 22. Qf4 Be7 23. Qh6 Bf8 24. Qf4 Re5 25. Qe3 Nc5 26. Rad1 h5 27. g5 Nf5 28. Qd2 Nxd4 29. Qxd4 Bxh3 30. gxf6 Qxf6 31. Qe3 Bg4 32. Nxe5 dxe5 33. Rd2 Kh7 34. f4 Nd3 35. fxe5 Qxe5 36. d6 Bxd6 37. Na4 b5 38. Bxd3 bxa4 39. Qxa7+ Rc7 40. Rf2 Rxa7 0-1

[Event "Budapest One Week GM-B 03"]
[Site "Budapest"]
[Date "2025.03.20"]
[Round "6"]
[White "Nemeth, Zalan"]
[Black "Pap, Misa"]
[Result "1-0"]
[WhiteElo "2341"]
[BlackElo "2457"]
[PlyCount "91"]
[EventDate "2025.03.17"]
[EventType "tourn"]
[EventRounds "9"]
[EventCountry "HUN"]
[EventCategory "6"]
[SourceTitle "CB13_2025"]
[SourceDate "2025.03.26"]
[SourceVersion "1"]
[SourceVersionDate "2025.03.26"]
[SourceQuality "1"]

1. d4 Nf6 2. c4 c5 3. d5 b5 4. cxb5 a6 5. e3 Bb7 6. Nc3 Qa5 7. Bd2 axb5 8. Bxb5 Qb6 9. a4 Nxd5 10. Nf3 e6 11. e4 Nb4 12. Bf4 Be7 13. Bxb8 Rxb8 14. Qxd7+ Kf8 15. 0-0 Bc6 16. Ne5 Bxd7 17. Nxd7+ Kg8 18. Nxb6 Rxb6 19. a5 Rb7 20. a6 Ra7 21. Rfd1 g6 22. Rd7 Rxd7 23. Bxd7 Kg7 24. a7 Ra8 25. Nb5 Bd8 26. Bc8 Rxc8 27. a8Q Rxa8 28. Rxa8 Bf6 29. b3 Nd3 30. Rc8 h5 31. Kf1 h4 32. Na3 g5 33. h3 Be5 34. Nc2 Kf6 35. Ne1 Nc1 36. b4 Nb3 37. b5 Nd2+ 38. Ke2 Nxe4 39. b6 Nd6 40. Rxc5 Bd4 41. Rc6 Be5 42. Nd3 Bh2 43. Nc5 Nf5 44. Rc8 Nd4+ 45. Kd3 Nb5 46. b7 1-0

[Event "Budapest One Week GM-B 03"]
[Site "Budapest"]
[Date "2025.03.19"]
[Round "5"]
[White "Pap, Misa"]
[Black "Dudognon, Thibault"]
[Result "0-1"]
[WhiteElo "2457"]
[BlackElo "2429"]
[PlyCount "182"]
[EventDate "2025.03.17"]
[EventType "tourn"]
[EventRounds "9"]
[EventCountry "HUN"]
[EventCategory "6"]
[SourceTitle "CB13_2025"]
[SourceDate "2025.03.26"]
[SourceVersion "1"]
[SourceVersionDate "2025.03.26"]
[SourceQuality "1"]

1. e4 c5 2. c3 d5 3. exd5 Qxd5 4. Nf3 g6 5. d4 Bg7 6. Nbd2 cxd4 7. Bc4 Qc5 8. cxd4 Qc7 9. 0-0 Nf6 10. Ne5 e6 11. Ndf3 0-0 12. Bf4 Nh5 13. Be3 Nc6 14. Rc1 Qd6 15. Bb3 Ne7 16. Ng5 Nd5 17. Ne4 Qd8 18. Bd2 Qb6 19. Nc5 Qd6 20. Re1 Nhf6 21. Ncd3 Qb6 22. Rc5 Qd6 23. Bg5 Ne7 24. Bf4 Qd8 25. Bg5 h6 26. Bxf6 Bxf6 27. Nf4 Bg7 28. Rc3 Nf5 29. Rd3 Qg5 30. Nh3 Qh4 31. f3 Rd8 32. Re4 Qe7 33. Nf4 Qg5 34. Nh3 Qf6 35. Nf4 Nd6 36. Ng4 Qg5 37. Re5 Nf5 38. Re4 h5 39. Nh3 Qe7 40. Ne5 Nd6 41. Re2 Nf5 42. Nf4 Rxd4 43. Nexg6 Qc5 44. Kf1 fxg6 45. Bxe6+ Bxe6 46. Nxe6 Rxd3 47. Qxd3 Qd6 48. Qb3 Qb6 49. Qd3 Re8 50. Qd7 Qc6 51. Qxc6 bxc6 52. g4 hxg4 53. fxg4 Nd6 54. b3 Nb5 55. Nf4 Rxe2 56. Kxe2 Kf7 57. Kd3 Be5 58. Ne2 Bxh2 59. a4 Nc7 60. Nd4 c5 61. Nc6 a6 62. b4 cxb4 63. Nxb4 Kf6 64. Ke4 Kg5 65. Kf3 Bd6 66. Nc6 Nd5 67. Nd4 Kf6 68. a5 Bc7 69. Ke4 Ne7 70. g5+ Kf7 71. Nb3 Bd6 72. Nd4 Bb4 73. Nb3 Ke6 74. Nd4+ Kd6 75. Nc2 Bxa5 76. Ne3 Ke6 77. Nc4 Bc7 78. Ne3 a5 79. Nc2 Nc6 80. Ne3 Bd8 81. Nd5 Bxg5 82. Nb6 Bd8 83. Na4 Kd6 84. Nc3 Kc5 85. Kf4 Kc4 86. Ne4 Be7 87. Nd2+ Kd3 88. Nf3 a4 89. Ne1+ Kc3 90. Ke4 a3 91. Nd3 a2 0-1